| 000 | 00856cam a2200277 a 4500 | ||
|---|---|---|---|
| 008 | |||
| 020 | _a0750650516 (hbk.) | ||
| 049 | _aMAIN | ||
| 050 | 0 | 0 |
_aTH7960 _bSIM |
| 100 | 1 | _aSimons, R.H. | |
| 245 | 1 | 0 |
_aLighting engineering : _bapplied calculations / _cR. H. Simons and A. R. Bean. |
| 260 |
_aOxford : _bArchitectural Press, _c2001. |
||
| 300 |
_aix, 518 p., + leaf of plates : _bill. (some col.) ; _c25 cm. |
||
| 504 | _aIncludes bibliographical references. | ||
| 500 | _aIncludes index. | ||
| 650 | 0 |
_aLighting _xMathematics. |
|
| 650 | 0 |
_aLight sources _xMathematical models. |
|
| 650 | 0 | _aElectric lighting. | |
| 650 | 0 |
_aMathematics _xFormulae. |
|
| 700 | 1 | _aBean, A.R. | |
| 907 |
_a.b10225006 _b17-09-12 _c19-01-07 |
||
| 003 | |||
| 005 | 20230123134330.0 | ||
| 040 | _cNUST | ||
| 942 | _cBOOKS | ||
| 999 |
_c164047 _d164047 |
||